00476nam a2200193 a 4500001001300000003000900013005001700022008004100039020001000080082001300090100002000103245002200123260004400145300000800189500003500197505002000232650001000252700002000262nice12345678IN_TiNIC20260116011801.0050524s1973 mada grp 000 0 urd  ac10000a160bAHM aAhmad, Iftekhar aTafhim-Ul-Mantiq. aMadhopur RajbMadarsa Babul Uloomc1973 a64p aincludes index and biblioraphy2 aReference Index aLogic1 aAhmad, Iftekhar